[Event "4NCL/Div4a/SXM vs. CHED"]
[Site "Telford ENG"]
[Date "2005.01.15"]
[Round "3.3"]
[White "Bucher, Grant"]
[Black "Acey, Gerald"]
[Result "1/2-1/2"]
[WhiteElo "1935"]
[BlackElo "2130"]
[PlyCount "90"]
[EventDate "2005.01.15"]
[SourceDate "2004.09.21"]

1. e4 g6 2. d4 Bg7 3. Bc4 d6 4. Nf3 Nf6 5. Nc3 O-O 6. O-O Nc6 7. Be3 a6 8. a3
Bg4 9. h3 Bxf3 10. Qxf3 e5 11. d5 Nb8 12. Ne2 Nbd7 13. Ng3 Kh8 14. Rad1 Ng8 15.
Bd3 Bh6 16. b4 Qh4 17. c4 Bxe3 18. Qxe3 Qh6 19. Rc1 Qxe3 20. fxe3 b6 21. Bc2
Ngf6 22. Ba4 Kg7 23. Bc6 Ra7 24. Ra1 Nb8 25. Ba4 h5 26. Bc2 Nbd7 27. Bd3 a5 28.
Ne2 axb4 29. axb4 Rfa8 30. Rxa7 Rxa7 31. Rb1 Ra3 32. Nc1 Nb8 33. Rb3 Ra4 34.
Rb2 Ra3 35. Rb3 Rxb3 36. Nxb3 Na6 37. b5 Nc5 38. Nxc5 dxc5 39. Kf2 Ne8 40. Kf3
Nd6 41. h4 f6 42. g3 f5 43. exf5 gxf5 44. Kf2 Kg6 45. Kg2 Kf6 1/2-1/2

[Event "4NCL/Div4a/SXM vs. CHED"]
[Site "Telford ENG"]
[Date "2005.01.15"]
[Round "3.4"]
[White "Gilmore, Simon N"]
[Black "Tucker, Andrew"]
[Result "1-0"]
[WhiteElo "2105"]
[BlackElo "1903"]
[PlyCount "83"]
[EventDate "2005.01.15"]
[SourceDate "2004.09.21"]

1. e4 c5 2. c4 Nc6 3. Ne2 g6 4. d4 cxd4 5. Nxd4 Bg7 6. Be3 Nf6 7. Nc3 Ng4 8.
Qxg4 Nxd4 9. Qd1 Ne6 10. Be2 O-O 11. O-O d6 12. Qd2 Bd7 13. Rfd1 b6 14. Rac1
Rc8 15. f3 Nc5 16. b3 Be6 17. b4 Na6 18. Nd5 Nc7 19. Nf4 Bd7 20. c5 Ba4 21.
cxb6 axb6 22. Re1 Rb8 23. Bc4 b5 24. Bf1 Qd7 25. Nd3 Rfd8 26. Nb2 Ra8 27. Nxa4
Rxa4 28. Rc2 Na6 29. Rb1 d5 30. exd5 Qf5 31. Bd3 Qxd5 32. Bxb5 Qxd2 33. Bxd2
Rxd2 34. Rxd2 Rxb4 35. Rxb4 Nxb4 36. Rd8+ Bf8 37. a4 Kg7 38. a5 e6 39. a6 Nd5
40. Rd7 Bc5+ 41. Kf1 Nb6 42. Rc7 1-0

[Event "4NCL/Div4a/SXM vs. CHED"]
[Site "Telford ENG"]
[Date "2005.01.15"]
[Round "3.5"]
[White "Richardson, Joe"]
[Black "Yu, Yangshi"]
[Result "1-0"]
[WhiteElo "1890"]
[BlackElo "1945"]
[PlyCount "33"]
[EventDate "2005.01.15"]
[SourceDate "2004.09.21"]

1. e4 c5 2. c3 d5 3. exd5 Qxd5 4. d4 Nf6 5. dxc5 Qxc5 6. Be3 Qc7 7. Nd2 e5 8.
Ngf3 Bf5 9. Qa4+ Nc6 10. Bb5 Bd7 11. O-O-O Nb4 12. Nc4 a6 13. Bxd7+ Nxd7 14.
Nb6 Nxa2+ 15. Kb1 Nxc3+ 16. bxc3 Rd8 17. Rxd7 1-0

[Event "4NCL/Div4a/SXM vs. CHED"]
[Site "Telford ENG"]
[Date "2005.01.15"]
[Round "3.6"]
[White "Yu, Yangshan"]
[Black "Fraser, Nick"]
[Result "1-0"]
[WhiteElo "1795"]
[BlackElo "1540"]
[PlyCount "59"]
[EventDate "2005.01.15"]
[SourceDate "2004.09.21"]

1. d4 d5 2. Nf3 e6 3. Bf4 Bd6 4. Bd2 Nf6 5. Nc3 a6 6. e3 Nbd7 7. Bd3 b5 8. a3
c5 9. dxc5 Nxc5 10. O-O O-O 11. Re1 Bb7 12. a4 bxa4 13. Nxa4 Nxd3 14. cxd3 Rb8
15. Rc1 Qd7 16. Nc5 Qb5 17. Qb3 Bxc5 18. Qxb5 axb5 19. Rxc5 Bc8 20. b4 Rd8 21.
Ra1 Nd7 22. Rc7 Rb7 23. Rxb7 Bxb7 24. Nd4 Ne5 25. Ra7 Rd7 26. Ra3 Bc6 27. f4
Nc4 28. dxc4 dxc4 29. Nxc6 Rxd2 30. Ra8+ 1-0

[Event "4NCL/Div4a/AD3 vs. SLOS2"]
[Site "Telford ENG"]
[Date "2005.01.15"]
[Round "3.1"]
[White "Wilcox, Charlotte"]
[Black "Taylor, Robert M"]
[Result "1/2-1/2"]
[WhiteElo "1920"]
[BlackElo "2195"]
[PlyCount "59"]
[EventDate "2005.01.15"]
[SourceDate "2004.09.21"]

1. e4 c6 2. Nc3 d5 3. Nf3 dxe4 4. Nxe4 Bg4 5. h3 Bh5 6. Ng3 Bxf3 7. Qxf3 Qd5 8.
Qxd5 cxd5 9. Bb5+ Nc6 10. d4 e6 11. Bxc6+ bxc6 12. Bf4 Nf6 13. O-O Kd7 14. Rfe1
Be7 15. Rad1 Rhc8 16. b3 Ke8 17. c3 c5 18. Be5 cxd4 19. Bxd4 Kf8 20. Nf1 Bc5
21. Bxf6 gxf6 22. Rc1 Rc7 23. Ne3 Rac8 24. Rc2 Bxe3 25. Rxe3 d4 26. Rd3 Rxc3
27. Rcxc3 dxc3 28. Rd1 Ke7 29. Kf1 Rc5 30. Rc1 1/2-1/2

[Event "4NCL/Div4a/AD3 vs. SLOS2"]
[Site "Telford ENG"]
[Date "2005.01.15"]
[Round "3.2"]
[White "Rees, Ioan"]
[Black "Leary, Peter"]
[Result "1-0"]
[WhiteElo "2218"]
[BlackElo "1845"]
[PlyCount "41"]
[EventDate "2005.01.15"]
[SourceDate "2004.09.21"]

1. d4 Nf6 2. c4 d5 3. cxd5 Nxd5 4. e4 Nf6 5. Nc3 e6 6. Nf3 Be7 7. Be2 O-O 8.
O-O b6 9. Qc2 Bb7 10. Rd1 Nbd7 11. Bf4 Rc8 12. a3 c5 13. d5 exd5 14. exd5 Nh5
15. Be3 Ndf6 16. d6 Bxd6 17. Nb5 Nd5 18. Ng5 Nhf6 19. Bf3 Nxe3 20. fxe3 Bd5 21.
Rxd5 1-0

[Event "4NCL/Div4a/AD3 vs. SLOS2"]
[Site "Telford ENG"]
[Date "2005.01.15"]
[Round "3.3"]
[White "Somerfield, Adrian"]
[Black "Richmond, Robert J"]
[Result "0-1"]
[WhiteElo "1825"]
[BlackElo "2257"]
[PlyCount "74"]
[EventDate "2005.01.15"]
[SourceDate "2004.09.21"]

1. e4 e6 2. d4 d5 3. Nc3 Bb4 4. a3 Bxc3+ 5. bxc3 dxe4 6. Qg4 Nf6 7. Qxg7 Rg8 8.
Qh6 Nbd7 9. Bb2 b6 10. Ne2 Bb7 11. Ng3 Qe7 12. Be2 Rg6 13. Qd2 c5 14. f3 h5 15.
f4 h4 16. Nh5 Rxg2 17. Nxf6+ Qxf6 18. O-O-O O-O-O 19. Qe3 Qe7 20. Rdf1 f5 21.
Rd1 Nf6 22. c4 Nd7 23. Bf1 Rgg8 24. Rd2 cxd4 25. Bxd4 Nc5 26. Bh3 Ba6 27. Qc3
Qd6 28. Rhd1 Qxf4 29. Rf1 Qc7 30. Qb4 Rd7 31. Rfd1 Rgd8 32. a4 Nd3+ 33. cxd3
Rxd4 34. Bf1 exd3 35. Bxd3 Qc5 36. Qb3 Bxc4 37. Bxc4 Rxc4+ 0-1

[Event "4NCL/Div4a/AD3 vs. SLOS2"]
[Site "Telford ENG"]
[Date "2005.01.15"]
[Round "3.4"]
[White "Williams, Samuel G"]
[Black "Wilkinson, Richard"]
[Result "1-0"]
[WhiteElo "2207"]
[BlackElo "1825"]
[PlyCount "59"]
[EventDate "2005.01.15"]
[SourceDate "2004.09.21"]

1. d4 d5 2. c4 e6 3. Nc3 Nf6 4. cxd5 exd5 5. Bg5 Be7 6. e3 h6 7. Bh4 Bf5 8.
Bxf6 Bxf6 9. Qb3 Bc8 10. Nxd5 Nd7 11. Bc4 O-O 12. Rc1 c6 13. Nxf6+ Qxf6 14. Nf3
Nb6 15. Bd3 Nd5 16. a3 Rb8 17. Qc2 Kh8 18. O-O Be6 19. Qd2 Qe7 20. Ne5 Qg5 21.
f4 Qd8 22. Bb1 Ne7 23. f5 Bc8 24. f6 Ng8 25. Qd3 g6 26. Qxg6 fxg6 27. Nxg6+ Kh7
28. Nxf8+ Kh8 29. Ng6+ Kh7 30. Ne5+ 1-0

[Event "4NCL/Div4a/AD3 vs. SLOS2"]
[Site "Telford ENG"]
[Date "2005.01.15"]
[Round "3.5"]
[White "Daniels, Robert G"]
[Black "Armstrong, Malcolm"]
[Result "0-1"]
[WhiteElo "1795"]
[BlackElo "2129"]
[PlyCount "50"]
[EventDate "2005.01.15"]
[SourceDate "2004.09.21"]

1. d4 Nf6 2. Nc3 e6 3. e4 d5 4. Bg5 Be7 5. Bxf6 Bxf6 6. e5 Be7 7. Bd3 c5 8. Nf3
Nc6 9. dxc5 Bxc5 10. O-O a6 11. a3 Qc7 12. Re1 b5 13. b4 Be7 14. Na2 Bd7 15.
Nc1 f6 16. exf6 Bxf6 17. Nb3 Bxa1 18. Qxa1 O-O 19. Nc5 Rxf3 20. gxf3 e5 21. Qc1
Nd4 22. Qe3 Rf8 23. Kf1 Bh3+ 24. Kg1 Nxf3+ 25. Kh1 e4 0-1

[Event "4NCL/Div4a/AD3 vs. SLOS2"]
[Site "Telford ENG"]
[Date "2005.01.15"]
[Round "3.6"]
[White "Varnam, Liam D"]
[Black "Gavin, Peter"]
[Result "1-0"]
[WhiteElo "2085"]
[BlackElo "1630"]
[PlyCount "55"]
[EventDate "2005.01.15"]
[SourceDate "2004.09.21"]

1. e4 c5 2. Nf3 Nc6 3. Nc3 e6 4. Bb5 Nge7 5. O-O a6 6. Bxc6 Nxc6 7. d3 Be7 8.
Be3 d6 9. a4 b6 10. d4 cxd4 11. Nxd4 Nxd4 12. Qxd4 Bf6 13. Qb4 Bxc3 14. bxc3
Rb8 15. Rfd1 d5 16. c4 a5 17. Qb2 O-O 18. cxd5 exd5 19. Rxd5 Qe7 20. Bf4 Qxe4
21. Rd4 Qg6 22. Bxb8 Bb7 23. Bg3 Re8 24. Rad1 h5 25. Rd8 f5 26. Qe5 Rf8 27.
Rxf8+ Kxf8 28. Rd8+ 1-0

[Event "4NCL/Div4a/RICB vs. AD3"]
[Site "Telford ENG"]
[Date "2005.01.16"]
[Round "4.1"]
[White "Kenyon, Scott"]
[Black "Graham, Nick"]
[Result "0-1"]
[WhiteElo "1875"]
[BlackElo "2000"]
[PlyCount "48"]
[EventDate "2005.01.16"]
[SourceDate "2004.09.21"]

1. e4 e5 2. Nf3 Nc6 3. Bb5 a6 4. Ba4 Nf6 5. O-O b5 6. Bb3 Be7 7. Re1 d6 8. h3
O-O 9. c3 Be6 10. Bc2 d5 11. exd5 Nxd5 12. Nxe5 Nxe5 13. Rxe5 Bd6 14. Re1 Qh4
15. Qf3 Rae8 16. Re4 Nf4 17. d4 Bd5 18. Nd2 f5 19. Rxf4 Re1+ 20. Nf1 Bc4 21.
Be3 Rxa1 22. Bd1 Bxf4 23. Bxf4 Rxd1 24. Qxd1 Qxf4 0-1

[Event "4NCL/Div4a/RICB vs. AD3"]
[Site "Telford ENG"]
[Date "2005.01.16"]
[Round "4.2"]
[White "Wilcox, Steven R"]
[Black "Ryan, Julian"]
[Result "1-0"]
[WhiteElo "1920"]
[BlackElo "1725"]
[PlyCount "65"]
[EventDate "2005.01.16"]
[SourceDate "2004.09.21"]

1. e4 e5 2. d4 exd4 3. c3 Nc6 4. cxd4 Bb4+ 5. Nc3 d6 6. a3 Bxc3+ 7. bxc3 Nf6 8.
Bd3 Qe7 9. Qe2 Bd7 10. Nf3 O-O-O 11. Rb1 Rde8 12. Bg5 h6 13. Bxf6 gxf6 14. d5
Ne5 15. Ba6 Bg4 16. Rxb7 Nd3+ 17. Qxd3 Qxe4+ 18. Qxe4 Rxe4+ 19. Kd2 Rhe8 20.
Rbb1+ Kd8 21. Rb8+ Ke7 22. Rxe8+ Kxe8 23. Re1 Bxf3 24. gxf3 Rxe1 25. Kxe1 Kf8
26. Ke2 Kg7 27. Ke3 Kg6 28. Kf4 Kh5 29. Bc8 Kg6 30. Kg4 h5+ 31. Kf4 Kh6 32. Kf5
Kg7 33. h4 1-0

[Event "4NCL/Div4a/RICB vs. AD3"]
[Site "Telford ENG"]
[Date "2005.01.16"]
[Round "4.3"]
[White "Gaudeau, Valentin"]
[Black "Pohribnyj, Chris"]
[Result "1-0"]
[WhiteElo "1745"]
[BlackElo "1972"]
[PlyCount "47"]
[EventDate "2005.01.16"]
[SourceDate "2004.09.21"]

1. e4 c5 2. Nf3 d6 3. d4 cxd4 4. Nxd4 Nf6 5. Nc3 a6 6. Bc4 e6 7. f3 Be7 8. Be3
Qc7 9. Bb3 Nc6 10. Qd2 b5 11. g4 Bb7 12. g5 Nd7 13. O-O-O Nce5 14. Bxe6 fxe6
15. Nxe6 Qc6 16. Nd5 Kf7 17. Nd4 Qc8 18. Nxe7 Kxe7 19. Nf5+ Kd8 20. Qxd6 Nc4
21. Qe7+ Kc7 22. Bf4+ Kc6 23. Rd6+ Kc5 24. Rxa6+ 1-0

[Event "4NCL/Div4a/RICB vs. AD3"]
[Site "Telford ENG"]
[Date "2005.01.16"]
[Round "4.4"]
[White "Leary, Peter"]
[Black "Davda, Rahil"]
[Result "0-1"]
[WhiteElo "1845"]
[BlackElo "1770"]
[PlyCount "78"]
[EventDate "2005.01.16"]
[SourceDate "2004.09.21"]

1. e4 c5 2. Nf3 Nc6 3. Nc3 d6 4. Bc4 Nf6 5. Ng5 e6 6. f4 h6 7. Nf3 Be7 8. O-O
a6 9. a4 b6 10. b3 Bb7 11. d4 cxd4 12. Nxd4 Nxd4 13. Qxd4 d5 14. b4 Bxb4 15.
Bb5+ axb5 16. Qxb4 bxa4 17. Be3 Nxe4 18. Bxb6 Qe7 19. Qd4 Nxc3 20. Qxc3 f6 21.
Rfb1 Kf7 22. Bc5 Qd7 23. Rb6 Rhc8 24. Rab1 Bc6 25. Qh3 Kg8 26. Re1 Re8 27. Re3
e5 28. f5 Reb8 29. Rg3 Kh8 30. Rxb8+ Rxb8 31. Qh5 Rb1+ 32. Kf2 Bb5 33. Ke3 Re1+
34. Kd2 Re2+ 35. Kd1 Qc7 36. Qg6 d4 37. h4 Rf2 38. c4 dxc3 39. Bxf2 Qd7+ 0-1

[Event "4NCL/Div4a/RICB vs. AD3"]
[Site "Telford ENG"]
[Date "2005.01.16"]
[Round "4.5"]
[White "Kamara, Khalid"]
[Black "Savin, Mike J"]
[Result "1-0"]
[WhiteElo "1685"]
[BlackElo "1725"]
[PlyCount "101"]
[EventDate "2005.01.16"]
[SourceDate "2004.09.21"]

1. e4 d5 2. exd5 Qxd5 3. Nc3 Qd8 4. d4 g6 5. Be2 Bg7 6. Nf3 Nh6 7. Bf4 c6 8.
Qd2 Nf5 9. Rd1 Nd7 10. O-O O-O 11. Bc4 Nf6 12. Rfe1 Nd6 13. Bxd6 exd6 14. d5 c5
15. h3 a6 16. a4 Bf5 17. Bd3 Bxd3 18. Qxd3 Qc7 19. Nd2 Rfe8 20. Nc4 Rxe1+ 21.
Rxe1 Re8 22. Rxe8+ Nxe8 23. a5 Qe7 24. Qe2 Qxe2 25. Nxe2 Nc7 26. Nxd6 Nxd5 27.
Nxb7 c4 28. c3 Be5 29. Nc5 Nc7 30. Nd7 Bd6 31. Nb6 Nb5 32. Nxc4 Bc7 33. Nd4
Nxd4 34. cxd4 Kf8 35. Kf1 Ke7 36. Ke2 f6 37. Kd3 h6 38. d5 Kd7 39. Kd4 Bb8 40.
Kc5 Bc7 41. Nb6+ Kd8 42. d6 Bb8 43. Kc6 f5 44. d7 Be5 45. b4 g5 46. f3 h5 47.
g4 hxg4 48. hxg4 fxg4 49. fxg4 Bc7 50. Na4 Be5 51. Nc5 1-0

[Event "4NCL/Div4a/RICB vs. AD3"]
[Site "Telford ENG"]
[Date "2005.01.16"]
[Round "4.6"]
[White "Jones, Simon A"]
[Black "Glover, Robert E"]
[Result "0-1"]
[WhiteElo "1725"]
[BlackElo "1755"]
[PlyCount "54"]
[EventDate "2005.01.16"]
[SourceDate "2004.09.21"]

1. e4 e6 2. d4 d5 3. exd5 exd5 4. Nf3 Nf6 5. Be2 Bd6 6. Nc3 Be6 7. O-O c6 8.
Bg5 Nbd7 9. a3 Qc7 10. Re1 O-O-O 11. h3 h6 12. Bxf6 gxf6 13. Kh1 Rdg8 14. Rg1
Nf8 15. b4 Qd7 16. Qf1 Ng6 17. b5 Nf4 18. a4 Rh7 19. Bd3 Rhg7 20. Ne1 Bxh3 21.
bxc6 Qg4 22. cxb7+ Kb8 23. f3 Bxg2+ 24. Rxg2 Qh3+ 25. Kg1 Rxg2+ 26. Nxg2 Rxg2+
27. Qxg2 Qxg2# 0-1

[Event "4NCL/Div4a/SLOS2 vs. SXM"]
[Site "Telford ENG"]
[Date "2005.01.16"]
[Round "4.1"]
[White "Taylor, Robert M"]
[Black "Prescott, Adam"]
[Result "1-0"]
[WhiteElo "2195"]
[BlackElo "1935"]
[PlyCount "103"]
[EventDate "2005.01.16"]
[SourceDate "2004.09.21"]

1. e4 d6 2. d4 Nf6 3. Nc3 g6 4. Be3 c6 5. Qd2 Qa5 6. f3 Nbd7 7. Nge2 h5 8. Nc1
a6 9. Nb3 Qc7 10. a4 b6 11. Be2 Bb7 12. O-O Bg7 13. Rfd1 e6 14. h3 d5 15. e5
Ng8 16. a5 b5 17. f4 Ne7 18. g4 hxg4 19. hxg4 O-O-O 20. Kg2 Rh7 21. Rh1 Rdh8
22. Rxh7 Rxh7 23. Bf3 Qd8 24. Rh1 Rxh1 25. Kxh1 Qh8+ 26. Qh2 Kc7 27. Qxh8 Bxh8
28. Ne2 Bc8 29. Nec1 Bg7 30. Nd3 Bf8 31. Bf2 Ng8 32. Bh4 Be7 33. Bxe7 Nxe7 34.
Bg2 Ng8 35. Kh2 Kd8 36. Kg3 Ke7 37. Bh3 Nh6 38. Kh4 Nb8 39. Kg5 Ng8 40. Nb4 Kf8
41. Nc5 Ne7 42. Bf1 Ng8 43. Bd3 Ne7 44. c3 Kg7 45. Bb1 Kf8 46. Nc2 Nd7 47.
Nxd7+ Bxd7 48. Ne3 Kg7 49. f5 gxf5 50. gxf5 Kf8 51. Ng4 Bc8 52. Kf4 1-0

[Event "4NCL/Div4a/SLOS2 vs. SXM"]
[Site "Telford ENG"]
[Date "2005.01.16"]
[Round "4.2"]
[White "Fraser, Joe"]
[Black "Rees, Ioan"]
[Result "0-1"]
[WhiteElo "1908"]
[BlackElo "2218"]
[PlyCount "42"]
[EventDate "2005.01.16"]
[SourceDate "2004.09.21"]

1. e4 c5 2. Nf3 Nc6 3. d4 cxd4 4. Nxd4 e5 5. Nb5 d6 6. N1c3 a6 7. Na3 Be7 8.
Nd5 Nf6 9. Be3 Nxd5 10. exd5 Nd4 11. c4 O-O 12. Bd3 Nf5 13. Bd2 Nh4 14. O-O f5
15. b4 e4 16. Bc2 Qe8 17. f4 exf3 18. g3 Bf6 19. Bf4 Bxa1 20. Qxa1 Ng6 21. Re1
Qd8 0-1

[Event "4NCL/Div4a/SLOS2 vs. SXM"]
[Site "Telford ENG"]
[Date "2005.01.16"]
[Round "4.3"]
[White "Williams, Samuel G"]
[Black "Bucher, Grant"]
[Result "1-0"]
[WhiteElo "2207"]
[BlackElo "1935"]
[PlyCount "55"]
[EventDate "2005.01.16"]
[SourceDate "2004.09.21"]

1. d4 f5 2. g3 Nf6 3. Bg2 g6 4. c3 Bg7 5. Nh3 O-O 6. Qb3+ d5 7. Nf4 c6 8. h4
Ne4 9. Nd2 e6 10. Nxe4 fxe4 11. h5 g5 12. h6 Bf6 13. Nh5 b6 14. Be3 Kh8 15.
Nxf6 Qxf6 16. Rh5 Rg8 17. Qa3 g4 18. O-O-O Rg6 19. Rf1 Qd8 20. f3 gxf3 21. exf3
Rxg3 22. Rf2 exf3 23. Rxf3 Rxf3 24. Bxf3 Qf6 25. Bg5 Qf7 26. Rh4 Nd7 27. Rf4
Qg8 28. Qe7 1-0

[Event "4NCL/Div4a/SLOS2 vs. SXM"]
[Site "Telford ENG"]
[Date "2005.01.16"]
[Round "4.4"]
[White "Tucker, Andrew"]
[Black "Armstrong, Malcolm"]
[Result "1/2-1/2"]
[WhiteElo "1903"]
[BlackElo "2129"]
[PlyCount "116"]
[EventDate "2005.01.16"]
[SourceDate "2004.09.21"]

1. e4 c6 2. d3 d5 3. Nd2 e5 4. Ngf3 Qc7 5. g3 dxe4 6. dxe4 Nf6 7. Bg2 Bg4 8. c3
Nbd7 9. Qc2 Be7 10. h3 Bh5 11. Nc4 Bg6 12. Nh4 Nc5 13. Nxg6 hxg6 14. Be3 O-O
15. O-O Ne6 16. Rad1 b5 17. Nd2 Bc5 18. Bxc5 Nxc5 19. Rfe1 Rad8 20. Nf1 Qe7 21.
Ne3 Rxd1 22. Rxd1 Rd8 23. Rxd8+ Qxd8 24. b4 Ne6 25. Kf1 Qd6 26. Ke2 Kf8 27. Qd3
Ke7 28. Qxd6+ Kxd6 29. a3 Nd7 30. c4 a6 31. c5+ Ke7 32. Nc2 a5 33. Ke3 axb4 34.
axb4 g5 35. Bf3 Nc7 36. Be2 Ne6 37. Bg4 Ndf8 38. Be2 g6 39. Bf3 f6 40. Bh1 Nd7
41. Bf3 Nb8 42. Bg4 Ng7 43. f4 gxf4+ 44. gxf4 Ne8 45. f5 g5 46. Bh5 Ng7 47. Be2
Kf7 48. Kd3 Ne8 49. Bh5+ Ke7 50. Bg4 Kf8 51. Ne3 Nd7 52. Bd1 Nc7 53. Ng4 Ke7
54. Bb3 Ne8 55. Bd1 Ng7 56. Ne3 Nb8 57. Kc3 Na6 58. Nf1 Kf7 1/2-1/2

[Event "4NCL/Div4a/SLOS2 vs. SXM"]
[Site "Telford ENG"]
[Date "2005.01.16"]
[Round "4.5"]
[White "Mulligan, Stephen"]
[Black "Richardson, Joe"]
[Result "1-0"]
[WhiteElo "2157"]
[BlackElo "1890"]
[PlyCount "129"]
[EventDate "2005.01.16"]
[SourceDate "2004.09.21"]

1. d4 d5 2. c4 e6 3. Nc3 Nf6 4. Bg5 Nbd7 5. e3 c6 6. Nf3 Bb4 7. Qc2 Qa5 8. Nd2
O-O 9. Be2 Ne4 10. Ndxe4 dxe4 11. Bh4 g5 12. Bg3 f5 13. f4 Bxc3+ 14. bxc3 h6
15. fxg5 hxg5 16. Bd6 Rf7 17. O-O g4 18. Bxg4 Qd8 19. Bh3 Nb6 20. c5 Nd5 21.
Rae1 Qa5 22. c4 Nb4 23. Qd2 Qa3 24. Rb1 a5 25. Rb2 Nd3 26. Rb3 Qa4 27. Rc3 Rg7
28. Kh1 Bd7 29. a3 Be8 30. d5 cxd5 31. cxd5 exd5 32. Bxf5 Bd7 33. Bxd7 Qxd7 34.
Qe2 Re8 35. Qh5 Qe6 36. Qf5 Qxf5 37. Rxf5 Rf7 38. Rg5+ Kh7 39. Kg1 d4 40. exd4
Kh6 41. Re5 Rxe5 42. Bxe5 e3 43. Rc2 Nxe5 44. dxe5 Re7 45. Kf1 Rxe5 46. Ke2 Kg5
47. Rc4 Kf5 48. g3 Ke6 49. c6 bxc6 50. Rxc6+ Kf5 51. Rc3 Kg4 52. Rxe3 Rh5 53.
h4 Rd5 54. Rd3 Re5+ 55. Kd2 Rc5 56. Ke3 Rb5 57. Kd4 Rf5 58. Kc4 Re5 59. a4 Re1
60. Kb5 Re5+ 61. Kb6 Rf5 62. Rc3 Re5 63. Rc5 Re6+ 64. Rc6 Re5 65. Rg6+ 1-0

[Event "4NCL/Div4a/SLOS2 vs. SXM"]
[Site "Telford ENG"]
[Date "2005.01.16"]
[Round "4.6"]
[White "Fraser, Nick"]
[Black "Varnam, Liam D"]
[Result "0-1"]
[WhiteElo "1540"]
[BlackElo "2085"]
[PlyCount "48"]
[EventDate "2005.01.16"]
[SourceDate "2004.09.21"]

1. e4 e5 2. Nf3 Nc6 3. Bc4 Nf6 4. d3 Be7 5. Nc3 O-O 6. Be3 d6 7. Nd2 Ng4 8. Nd5
Nxe3 9. Nxe7+ Nxe7 10. fxe3 c6 11. Qf3 d5 12. Bb3 Be6 13. O-O-O a5 14. a3 a4
15. Ba2 dxe4 16. Qxe4 Bxa2 17. b3 axb3 18. cxb3 Qa5 19. Qb4 Qxa3+ 20. Qxa3 Rxa3
21. Kb2 Rfa8 22. Ra1 Nd5 23. Rhe1 Nb4 24. d4 Nd3+ 0-1

[Event "4NCL/Div4a/CHED vs. HKF3"]
[Site "Telford ENG"]
[Date "2005.01.16"]
[Round "4.1"]
[White "Smith, Alan A"]
[Black "Giles, Benjamin"]
[Result "1-0"]
[WhiteElo "2272"]
[BlackElo "2074"]
[PlyCount "69"]
[EventDate "2005.01.16"]
[SourceDate "2004.09.21"]

1. e4 d5 2. Nc3 d4 3. Nce2 c5 4. Nf3 Nc6 5. Ng3 Nf6 6. Bc4 Na5 7. Bb5+ Bd7 8.
Qe2 a6 9. Bxd7+ Qxd7 10. d3 e6 11. O-O Qc7 12. c3 dxc3 13. bxc3 Be7 14. Bg5 h6
15. Bxf6 Bxf6 16. Rac1 O-O 17. Nh5 Be7 18. e5 Rfd8 19. h4 Rd7 20. Nf4 Qd8 21.
d4 Bxh4 22. d5 Bg5 23. Nxg5 Qxg5 24. dxe6 fxe6 25. Nxe6 Rd2 26. Qe4 Qe7 27. Nf4
Re8 28. Rfe1 Nc6 29. Qc4+ Kh7 30. e6 Rf8 31. Qe4+ Kg8 32. Ng6 Qf6 33. Nxf8
Qxf2+ 34. Kh1 Ne7 35. Qh7+ 1-0

[Event "4NCL/Div4a/CHED vs. HKF3"]
[Site "Telford ENG"]
[Date "2005.01.16"]
[Round "4.2"]
[White "Parmar, Amisha"]
[Black "Buxton, David E"]
[Result "1/2-1/2"]
[WhiteElo "1890"]
[BlackElo "2130"]
[PlyCount "48"]
[EventDate "2005.01.16"]
[SourceDate "2004.09.21"]

1. e4 e6 2. d4 d5 3. Nc3 Nf6 4. Bg5 Bb4 5. e5 h6 6. Bd2 Bxc3 7. bxc3 Ne4 8. Qg4
g6 9. Bd3 Nxd2 10. Kxd2 c5 11. h4 Nc6 12. Rh3 Qe7 13. Nf3 Bd7 14. Rb1 c4 15.
Be2 O-O-O 16. Rhh1 f6 17. Qf4 fxe5 18. Nxe5 Nxe5 19. Qxe5 Rhf8 20. Bf3 Rf5 21.
Qe3 h5 22. g4 hxg4 23. Bxg4 Rf7 24. f3 Qf6 1/2-1/2

[Event "4NCL/Div4a/CHED vs. HKF3"]
[Site "Telford ENG"]
[Date "2005.01.16"]
[Round "4.3"]
[White "Laurence, Geoff"]
[Black "Foord, Dominic"]
[Result "1-0"]
[WhiteElo "1975"]
[BlackElo "1805"]
[PlyCount "101"]
[EventDate "2005.01.16"]
[SourceDate "2004.09.21"]

1. d4 f5 2. g3 e6 3. Bg2 Nf6 4. c4 Be7 5. Nc3 O-O 6. Nh3 d6 7. Nf4 Qe8 8. Nxe6
Bxe6 9. Bxb7 Nbd7 10. Bxa8 Qxa8 11. d5 Bf7 12. O-O Ne5 13. b3 Qc8 14. f4 Ned7
15. Bb2 Nc5 16. Qc2 Nce4 17. Nxe4 Nxe4 18. Bd4 a6 19. Rac1 Re8 20. Qb2 Bf6 21.
Rf3 Bxd4+ 22. Qxd4 c6 23. dxc6 Qxc6 24. Rff1 h5 25. Rfd1 Re6 26. Qd5 Qb6+ 27.
Qd4 Nc5 28. Kf1 g6 29. Rb1 Qc6 30. Qd5 Qc7 31. Qf3 Ne4 32. Rbc1 Re8 33. Qd3 Qc5
34. Qd4 Qc6 35. Kg1 Kh7 36. Qa7 Kg8 37. Qd4 Re7 38. Re1 Rd7 39. Red1 Be6 40.
Qe3 Qb7 41. Rd3 d5 42. c5 Qc6 43. Qd4 a5 44. a3 Rb7 45. b4 axb4 46. axb4 Kh7
47. Ra3 Nd6 48. Ra8 Rg7 49. Rca1 Nb5 50. Qe5 Bd7 51. Qb8 1-0

[Event "4NCL/Div4a/CHED vs. HKF3"]
[Site "Telford ENG"]
[Date "2005.01.16"]
[Round "4.4"]
[White "Dines, Sheila"]
[Black "Yu, Yangshi"]
[Result "0-1"]
[WhiteElo "1760"]
[BlackElo "1945"]
[PlyCount "94"]
[EventDate "2005.01.16"]
[SourceDate "2004.09.21"]

1. e4 c5 2. Nf3 Nc6 3. d4 cxd4 4. Nxd4 g6 5. c3 Bg7 6. Be3 Nf6 7. Nd2 O-O 8.
Bd3 d5 9. f3 e5 10. N4b3 b6 11. O-O Ne7 12. Qe2 h6 13. Rfd1 Qc7 14. Nf1 Bb7 15.
Ng3 Rad8 16. Bf2 Kh7 17. a4 dxe4 18. fxe4 Bc8 19. h3 Be6 20. Qc2 a5 21. Nd2 Nd7
22. b4 Rb8 23. Nf3 Rfc8 24. Rac1 f6 25. Ba6 Rd8 26. Rd2 h5 27. Rcd1 axb4 28.
Rd6 Nc5 29. Rxd8 Rxd8 30. Rxd8 Qxd8 31. Bxc5 b3 32. Qb1 bxc5 33. c4 Qa5 34. Bb5
Qc3 35. Ne2 Qe3+ 36. Kf1 f5 37. a5 Bh6 38. exf5 Bxf5 39. Qd1 b2 40. Qd8 b1=Q+
41. Ne1 Qbe4 42. Qxe7+ Bg7 43. Nf3 Qxe2+ 44. Kg1 Qd1+ 45. Kh2 Qf4+ 46. g3 Qfxf3
47. Qxc5 Qdh1# 0-1

[Event "4NCL/Div4a/CHED vs. HKF3"]
[Site "Telford ENG"]
[Date "2005.01.16"]
[Round "4.5"]
[White "Yee, John Y"]
[Black "Fowler, Keith"]
[Result "1-0"]
[WhiteElo "1925"]
[BlackElo "1625"]
[PlyCount "75"]
[EventDate "2005.01.16"]
[SourceDate "2004.09.21"]

1. e4 d6 2. d4 Nf6 3. Bd3 g6 4. Nf3 Bg7 5. Nc3 O-O 6. Bg5 Bg4 7. Qd2 Bxf3 8.
gxf3 h6 9. Bxh6 e5 10. Bxg7 Kxg7 11. dxe5 dxe5 12. O-O-O Nc6 13. Qg5 Nh7 14.
Qg3 Qg5+ 15. Kb1 Qxg3 16. fxg3 Nf6 17. Ne2 Nd4 18. Nxd4 exd4 19. Bc4 c5 20. a4
a6 21. a5 Rfd8 22. Rhe1 Rab8 23. e5 Nd5 24. Bxd5 Rxd5 25. e6 Kf8 26. exf7 Kxf7
27. Re4 b5 28. axb6 Rxb6 29. Rf4+ Rf6 30. Rxf6+ Kxf6 31. Re1 a5 32. Kc1 c4 33.
Re4 a4 34. Kd2 a3 35. bxa3 c3+ 36. Kd3 Rf5 37. Rf4 Ke5 38. Rxf5+ 1-0

[Event "4NCL/Div4a/CHED vs. HKF3"]
[Site "Telford ENG"]
[Date "2005.01.16"]
[Round "4.6"]
[White "Parmar, Jyoti"]
[Black "Yu, Yangshan"]
[Result "0-1"]
[WhiteElo "1565"]
[BlackElo "1795"]
[PlyCount "102"]
[EventDate "2005.01.16"]
[SourceDate "2004.09.21"]

1. e4 e5 2. Nf3 Nc6 3. Bc4 Nd4 4. Nc3 Nxf3+ 5. Qxf3 Nf6 6. d3 c6 7. Be3 Be7 8.
a3 O-O 9. Qg3 d6 10. h4 Qd7 11. h5 Qg4 12. Qh2 Kh8 13. f3 Qd7 14. O-O-O d5 15.
exd5 cxd5 16. Bb5 Qd6 17. Bd2 a6 18. Ba4 Be6 19. Rdg1 d4 20. Ne2 Rac8 21. g4 b5
22. g5 bxa4 23. gxf6 Bxf6 24. Qg2 Qc5 25. c3 dxc3 26. Nxc3 Qd5 27. Bg5 Rg8 28.
h6 Qa2 29. hxg7+ Bxg7 30. Qh2 Qa1+ 31. Kd2 Qxb2+ 32. Kd1 Qxh2 33. Rxh2 Rxc3 34.
Rgh1 Bb3+ 35. Ke1 Rgc8 36. Rxh7+ Kg8 37. Ke2 f6 38. Bd2 Rc2 39. R7h4 Ra2 40.
Ke3 Rcc2 41. R1h2 Rxa3 42. Rg2 Rc7 43. Ba5 Rd7 44. Bb4 Ra1 45. Rh6 Rf7 46. Ke4
a3 47. Kf5 a2 48. Bc3 Rc1 49. Bb2 Rb1 50. Bc3 a1=Q 51. Bxa1 Rxa1 0-1